header

Three genres : (Record no. 250591)

MARC details
000 -LEADER
fixed length control field 00842pam a2200265 a 4500
001 - CONTROL NUMBER
control field 2977399
003 - CONTROL NUMBER IDENTIFIER
control field OSt
005 - DATE AND TIME OF LATEST TRANSACTION
control field 20151014101005.0
008 - FIXED-LENGTH DATA ELEMENTS--GENERAL INFORMATION
fixed length control field 920602s1993 nju 001 0 eng
010 ## - LIBRARY OF CONGRESS CONTROL NUMBER
LC control number 92020807
020 ## - INTERNATIONAL STANDARD BOOK NUMBER
International Standard Book Number 0139184678
040 ## - CATALOGING SOURCE
Original cataloging agency DLC
Transcribing agency DLC
Modifying agency DLC
050 00 - LIBRARY OF CONGRESS CALL NUMBER
Classification number PN145
Item number .M5 1993
082 00 - DEWEY DECIMAL CLASSIFICATION NUMBER
Classification number 808/.02
Edition number 20
100 1# - MAIN ENTRY--PERSONAL NAME
Personal name Minot, Stephen.
245 10 - TITLE STATEMENT
Title Three genres :
Remainder of title the writing of poetry, fiction, and drama /
Statement of responsibility, etc Stephen Minot.
250 ## - EDITION STATEMENT
Edition statement 5th ed.
260 ## - PUBLICATION, DISTRIBUTION, ETC. (IMPRINT)
Place of publication, distribution, etc Englewood Cliffs, N.J. :
Name of publisher, distributor, etc Prentice Hall,
Date of publication, distribution, etc c1993.
300 ## - PHYSICAL DESCRIPTION
Extent xiii, 384 p. ;
Dimensions 23 cm.
500 ## - GENERAL NOTE
General note Includes index.
650 #0 - SUBJECT ADDED ENTRY--TOPICAL TERM
Topical term or geographic name as entry element Creative writing.
906 ## - LOCAL DATA ELEMENT F, LDF (RLIN)
a 7
b cbc
c orignew
d 1
e ocip
f 19
g y-gencatlg
942 ## - ADDED ENTRY ELEMENTS (KOHA)
Source of classification or shelving scheme Library of Congress Classification
Koha item type Long Loan Books
Holdings
Withdrawn status Lost status Source of classification or shelving scheme Damaged status Not for loan Collection code Home library Current library Shelving location Date acquired Total Checkouts Full call number Barcode Date last seen Date checked out Price effective from Koha item type
    Library of Congress Classification     Non-fiction Rongo University Library Rongo University Library General Stacks 14/10/2015 3 PN145 .M5 1993 20154340 12/02/2020 29/01/2020 14/10/2015 Long Loan Books

© 2026 Rongo University
Contact us: librarian | system librarian | Rongo university